Intermediate Perl /

Opis bibliograficzny
1. autor: Schwartz, Randal L.
Kolejni autorzy: Foy, Brian D., Phoenix, Tom
Format: Książka
Język:English
Wydane: Beijing ; Sebastopol, CA : O'Reilly, c2006.
Wydanie:Second edition.
Hasła przedmiotowe:
Classic Catalogue: View this record in Classic Catalogue
LEADER 01779nam a2200361 a 4500
001 0017913
003 BD-DhAAL
008 090604s2006 cc a 001 0 eng d
010 |a  2006283805 
020 |a 0596102062 
020 |a 9780596102067 
020 |a 8184040997 
040 |a VYR  |c VYR  |d BAKER  |d JRZ  |d NLGGC  |d DLC  |d BD-DhAAL 
082 0 4 |a 005.133  |2 22 
100 1 |a Schwartz, Randal L.  |9 978 
245 1 0 |a Intermediate Perl /  |c Randal L. Schwartz, Brian D. Foy, and Tom Phoenix ; [foreword by Damian Conway]. 
250 |a Second edition. 
260 |a Beijing ;  |a Sebastopol, CA :  |b O'Reilly,  |c c2006. 
300 |a xix, 256 p. :  |b ill. ;  |c 24 cm 
500 |a "Beyond the basics of learning Perl"--Cover. 
500 |a Includes index. 
541 |e 00017913 
650 0 |a Perl (Computer program language)  |9 979 
650 1 7 |a PERL.  |2 gtt  |9 980 
650 1 7 |a Object-georiënteerd programmeren.  |2 gtt  |9 981 
700 1 |a Foy, Brian D.  |9 982 
700 1 |a Phoenix, Tom.  |9 983 
942 |2 ddc  |c BK 
999 |c 930  |d 930 
952 |0 0  |1 0  |2 ddc  |4 0  |6 005_133000000000000_SCH  |7 0  |9 13281  |a BRACUL  |b BRACUL  |c GEN  |d 2010-11-24  |e D. S. Books International  |l 0  |o 005.133 SCH  |p 3010017914  |r 2010-11-24  |t 2  |w 2010-11-24  |y BK  |x USD 10.00 
952 |0 0  |1 0  |2 ddc  |4 0  |6 005_133000000000000_SCH  |7 0  |9 14037  |a BRACUL  |b BRACUL  |c GEN  |d 2011-01-22  |e D. S. Books International  |l 0  |o 005.133 SCH  |p 3010017913  |r 2011-01-22  |t 1  |w 2011-01-22  |y BK  |x USD 10.00 
952 |0 0  |1 0  |2 ddc  |4 0  |6 005_133000000000000_SCH  |7 0  |9 14038  |a BRACUL  |b BRACUL  |c GEN  |d 2011-01-22  |e D. S. Books International  |l 0  |o 005.133 SCH  |p 3010017915  |r 2011-01-22  |t 3  |w 2011-01-22  |y BK  |x USD 10.00 
952 |0 0  |1 0  |2 ddc  |4 0  |6 005_133000000000000_SCH  |7 0  |9 14039  |a BRACUL  |b BRACUL  |c GEN  |d 2011-01-22  |e D. S. Books International  |l 0  |o 005.133 SCH  |p 3010017916  |r 2011-01-22  |t 4  |w 2011-01-22  |y BK  |x USD 10.00